Statistics for Common Discography

Click here to take the quiz!

General Stats

  • This quiz has been taken 2 times
  • The average score is 14 of 15

Answer Stats

YearNameType% Correct
2005BeAlbum
100%
2016Black America AgainAlbum
100%
1992Can I Borrow a Dollar?Album
100%
2002Electric CircusAlbum
100%
2007Finding ForeverAlbum
100%
2010Go! - Common ClassicsCompilation
100%
2019Let LoveAlbum
100%
2000Like Water for ChocolateAlbum
100%
2014Nobody's SmilingAlbum
100%
1997One Day It'll All Make SenseAlbum
100%
2011The Dreamer/The BelieverAlbum
100%
2007Thisisme Then: The Best of CommonCompilation
100%
2008Universal Mind ControlAlbum
100%
2018August GreeneCollaborative Album
50%
1994RessurectionAlbum
0%

Score Distribution

Percentile by Number Answered

Percent of People with Each Score

Your Score History

You have not taken this quiz